| 000 | 00736nam a2200241 i 4500 | ||
|---|---|---|---|
| 001 | bg | ||
| 100 | 1 | _aWIĘCKIEWICZ, Wojciech | |
| 245 | 1 | 0 |
_aBudowa kadłubów statków morskich / _cWojciech Więckiewicz. |
| 260 |
_aGdynia : _bDział Wydawnictw Wyższej Szkoły Morskiej, _c1999. |
||
| 300 |
_a200 s., [3] k. tabl. złoż. : _bil. ; _c21 cm. |
||
| 490 | 1 | _aBudowa i Teoria Okrętu : zeszyt tematyczny | |
| 504 | _aBibliogr. | ||
| 650 | 9 |
_aStatki _xbudowa i konstrukcje |
|
| 655 | _aPodręczniki akademickie | ||
| 830 | 0 | _aBudowa i Teoria Okrętu | |
| 020 | _a8387875554 | ||
| 040 | _cBPK | ||
| 041 | 0 | _apl | |
| 080 | _a629.5(075.8) | ||
| 920 | _a83-87875-55-4 | ||
| 942 | _cKS | ||
| 008 | s pl f |000 0 pol | ||
| 999 |
_c39214 _d39214 |
||
| 856 |
_uhttp://koha.tu.koszalin.pl/cgi-bin/koha/opac-detail.pl?biblionumber=39214 _yKatalog online BPK |
||